|
|
|
|
| LEADER |
00577nam a2200157Ia 4500 |
| 008 |
160114b xxu||||| |||| 00| 0 eng d |
| 020 |
|
|
|a 9780706984606
|
| 082 |
|
|
|a 025.1
|
| 100 |
|
|
|a Krishan Kumar
|
| 245 |
|
|
|a Library administration and management /
|c By Krishan Kumar
|
| 260 |
|
|
|a New Delhi :
|b Vikas Publishing House,
|c 1987.
|
| 300 |
|
|
|a 200 p.
|
| 653 |
|
|
|a Library Administration
|
| 942 |
|
|
|c BK
|
| 999 |
|
|
|c 143858
|d 143858
|
| 952 |
|
|
|0 0
|1 0
|4 0
|6 025_100000000000000_KRI_L
|7 0
|9 153150
|a LIS
|b LIS
|c ST1
|d 2006-04-05
|g 125.00
|i 02587
|l 1
|o 025.1 KRI/L
|p LIS2587
|r 2018-12-10
|s 2018-10-16
|w 2016-07-26
|y BK
|